Princip štíhlosti

Základné definície štíhlosti. Význam zavádzania princípu štíhlosti. Straty štíhlej výroby. Osem spôsobov plytvania. Analýza príčin jednotlivých spôsobov plytvania. Nástroje a techniky používané na zavedenie štíhlej výroby. Kľúčové momenty zavádzania štíhlosti.

Salvato in:
Dettagli Bibliografici
Natura: Capitolo di libro
Lingua:ceco
Soggetti:
Tags: Aggiungi Tag
Nessun Tag, puoi essere il primo ad aggiungerne!!

MARC

LEADER 00000naa$a2200000$$$4500
001 0004037
005 20231002104742.3
041 0 |a cze 
044 |a CZ 
245 1 0 |a Princip štíhlosti 
520 |a Základné definície štíhlosti. Význam zavádzania princípu štíhlosti. Straty štíhlej výroby. Osem spôsobov plytvania. Analýza príčin jednotlivých spôsobov plytvania. Nástroje a techniky používané na zavedenie štíhlej výroby. Kľúčové momenty zavádzania štíhlosti. 
610 2 0 |a výroba štíhla 
610 2 0 |a úspory finančné 
610 2 0 |a úspory materiálu 
610 2 0 |a úspory pracovníkov 
610 2 0 |a nadvýroba